| 000 | 01009 a2200229 4500 | ||
|---|---|---|---|
| 999 |
_c4155 _d4155 |
||
| 020 | _a0072257733 (alk. paper) | ||
| 050 | 0 | 0 | _aQA76.76HOL 2006 |
| 100 | 1 |
_aHolcombe, Jane. _eauthor |
|
| 245 | 1 | 0 |
_aSurvey of operating systems / _cJane Holcombe and Charles Holcombe. |
| 250 | _a2nd ed. | ||
| 264 |
_aBoston: _bMcGraw hill., _c2006 |
||
| 300 |
_axvi, 682 p. : _bcol. ill. ; |
||
| 440 | 0 | _aMike Meyers' computer skills | |
| 500 | _alncludes index | ||
| 650 | 0 | _aOperating systems (Computers) | |
| 700 | 1 | _aHolcombe, Charles. | |
| 856 | 4 | 2 |
_3Publisher description _uhttp://www.loc.gov/catdir/enhancements/fy0623/2005041558-d.html |
| 856 | 4 | 1 |
_3Table of contents only _uhttp://www.loc.gov/catdir/enhancements/fy0623/2005041558-t.html |
| 856 | 4 | 2 |
_3Contributor biographical information _uhttp://www.loc.gov/catdir/enhancements/fy0737/2005041558-b.html |
| 942 |
_2lcc _cBK _h76.76 _iHOL _kQA |
||